1087 1286 1813 1943 1437 1377 1704 1074 1919 1783 1829 1530 1116 1581 1182 1114 1810 1636 1862 1690 1556 1908 1463 1598 1987 1279 1670 1702 1953 1170 1354 1404 1685 1786 1618 1846 1542 1434 1736 1386 1413 1536 1474 1870 1520 1562 1325 1037 1004 1557 1299 1797 1156 1846 1261 1613 1898 1757 1387 1799 1667 1782 1326 1001 1644 1954 1962 1784 1981 1009 1862 1917 1773 1131 1300 1067 1291 1959 1669 1949 1519 1255 1652 1599 1667 1875 1231 1287 1464 1164 1348 1731 1080 1256 1650 1062 1106 1649 1355 BCNSPRNW ULIB Ver.6.0+V

เปลี่ยนเป็นภาษาไทย

Change to English
 แสดงรายละเอียดบรรณานุกรม
  กลับหน้าหลัก

Brief Record : Get Marc (ISO 2709) : E-mail record : QR code < ปิดหน้าต่าง
LEADER : 00000nam 2200000uu 4500
001    13399108423
003     ULIB
008    110303s2005||||th 000 0 eng d
020    0781744490
060  4 WY106^bA432C 2005
100 0  Judith Ann Allender
245 00 Community health nursing:Promoting and Protecting the Public Health/^cJudith Ann Allender
250    6 edition
260    Philadelphia:^bLippincott,^c2005
300    945
650  7 Community health nursing
650  7 Health Promotion
700 0  Barbara Walton Spradley
945    ^p1880^l0^i016822
995    ทศพร
999 ^a ใช้งานได้ทุกระบบ
รายการนี้ยังไม่มีแท็ก
คุณยังไม่ได้ล็อกอิน คุณสามารถมีกิจกรรมร่วมกับเว็บไซต์ได้ แต่ต้องล็อกอินก่อน ::
  ล็อกอิน

รายการสื่อสารสนเทศ

ลำดับที่ ประเภท เลขเรียก/บาร์โค้ด สถานที่ สถานะ
- ไม่พบข้อมูล -

รายการใกล้เคียง
    ผู้แต่ง [Judith Ann Allender]

    หัวเรื่อง [Community health nursing]
    หัวเรื่อง [Health Promotion]

BibComment


ยังไม่เคยถูกคอมเมนท์

คอมเมนท์ทรัพยากรรายการนี้
  คอมเมนท์: Community health ..


 Copyright 2026. Bcnsprnw @Library